Municipios españoles más poblados que comienzan con A - Estadísticas

Estadísticas generales
  • Esta prueba ha sido intentada 3.293 veces
  • La puntuación promedio es 9 de 20
Estadísticas de respuestas
Población Municipio Comunidad % Correcto
350.598 Alicante / Alacant Com. Valenciana
94%
200.665 Almería Andalucía
88%
247.350 A Coruña Galicia
82%
173.202 Albacete Castilla-La Mancha
79%
172.845 Alcorcón Com. de Madrid
64%
198.348 Alcalá de Henares Com. de Madrid
60%
58.548 Ávila Castilla y León
60%
119.471 Alcobendas Com. de Madrid
53%
75.643 Avilés Asturias
50%
123.943 Algeciras Andalucía
41%
60.998 Aranjuez Com. de Madrid
31%
59.563 Alcoy / Alcoi Com. Valenciana
27%
43.040 Alcantarilla Murcia
26%
64.735 Arrecife Canarias
25%
50.523 Adeje Canarias
23%
76.829 Alcalá de Guadaíra Andalucía
23%
86.497 Arona Canarias
18%
58.623 Arganda del Rey Com. de Madrid
16%
46.531 Alzira Com. Valenciana
14%
43.855 Alhaurín de la Torre Andalucía
8%
No se encontraron pruebas coincidentes
Distribución de puntuación
Porcentaje de gente con cada puntuación
Porcentaje por número respondido
Historial de tus puntuaciones
No has intentado esta prueba.